ბათუმის შოთა რუსთაველის სახელმწიფო უნივერსიტეტის ბიბლიოთეკა

ეკონომიკა 30 წამში : (ბიბ.ჩანაწერი № 58377)

000 -ლიდერი
ფიქსირებული სიგრძის საკონტროლო ველი 01632nam a22002537a 4500
003 - საკონტროლო ნომრის იდენტიფიკატორი
საკონტროლო ველი Ge_BSU
005 - ბოლო ოპერაციის თარიღი და დრო
საკონტროლო ველი 20211223114948.0
008 - ფიქსირებული სიგრძის მონაცემთა ელემენტები - ზოგადი ინფორმაცია
ფიქსირებული სიგრძის საკონტროლო ველი 211222s2017 ge ||||| |||| 00| 0 geo d
020 ## - წიგნის საერთაშორისო სტანდარტული ნომერი
International Standard Book Number 9789941260612
041 ## - ენის კოდი
Language code of text/sound track or separate title geo
080 ## - უნივერსალური ათობითი კლასიფიკაციის ინდექსი
Universal Decimal Classification number 330.1(075.8) ე-49
245 ## - ცნობა სათაურის შესახებ
Title ეკონომიკა 30 წამში :
Remainder of title 30 წამში ახსნილი 50 საყოველთაოდ აღიარებული ეკონომიკური თეორია /
Statement of responsibility, etc ადამ ფიშვიკი, კრისტაკის ჯიორჯიუ, ქეითი ჰიუსტონი, აურელი მაროშელი ; რედაქტორი დონალდ მარრონი ; მთარგმნელი და პ/მგ რედაქტორი ასლან მახაძე.
264 ## - წარმოების, გამოცემის, დისტრიბუციის და სხვა ცნობები
გამოცემის, წარმოების, დისტრიბუციის... ადგილი თბილისი :
გამოცემის, წარმოების, დისტრიბუციის... სახელწოდება უნივერსალი,
გამოცემის, წარმოების, დისტრიბუციის... თარიღი 2017.
300 ## - ფიზიკური აღწერა
Extent 112 გვ. ;
Other physical details 20 სმ.
653 ## - INDEX TERM--UNCONTROLLED
Uncontrolled term ეკონომიკური თეორია
653 ## - INDEX TERM--UNCONTROLLED
Uncontrolled term სახელმძღვანელო
700 ## - ADDED ENTRY--PERSONAL NAME
Personal name ჯიორჯიუ, კრისტაკის
Relator term ავტორი
9 (RLIN) 13344
700 ## - ADDED ENTRY--PERSONAL NAME
Personal name ჰიუსტონი, ქეითი
Relator term ავტორი
9 (RLIN) 13345
700 ## - ADDED ENTRY--PERSONAL NAME
Personal name მაროშელი, აურელი
Relator term ავტორი
9 (RLIN) 13346
700 ## - ADDED ENTRY--PERSONAL NAME
Personal name მარრონი, დონალდ
Relator term ავტორი
9 (RLIN) 13347
700 ## - ADDED ENTRY--PERSONAL NAME
Personal name მახაძე, ასლან
Relator term მთარგმნელი, პ/მგ რედაქტორი
9 (RLIN) 13027
773 ## - HOST ITEM ENTRY
Title ნაჩუქარი
942 ## - ADDED ENTRY ELEMENTS (KOHA)
Source of classification or shelving scheme
Koha item type წიგნი
ეგზემპლარები
ჩამოწერის სტატუსი დაკარგული ეგზემპლარის სტატუსი კლასიფიკაციის წყარო ან თაროზე გაწყობის სქემა დაზიანების სტატუსი არ გაიცემა მუდმივი მდებარეობა (დაცვის ადგილი) ამჟამინდელი ადგილსამყოფელი თაროზე განთავსების ადგილი შეძენის თარიღი ღირებულება, შესყიდვის ნორმალური ფასი სრული შენახვის შიფრი შტრიხკოდი ბოლო ოპერაციის თარიღი ეგზემპლარის მიმდევრობითი ნომერი (კეტერი?) ფასის ძალაში შესვლის თარიღი ეგზემპლარის სახეობა საჯარო შენიშვნა
          ბათუმის შოთა რუსთაველის სახელმწიფო უნივერსიტეტის მთავარი ბიბლიოთეკა ბათუმის შოთა რუსთაველის სახელმწიფო უნივერსიტეტის მთავარი ბიბლიოთეკა წიგნის კალათა 2021-12-22 8.00 330.1(075.8) ე-49 62091 2021-12-22 62091 2021-12-22 წიგნი 8 ლ.